<?xml version="1.0" encoding="UTF-8"?>
<collection xmlns="http://www.loc.gov/MARC21/slim">
 <record>
  <leader>05307nam a2200361 a 4500</leader>
  <controlfield tag="001">kal4491</controlfield>
  <controlfield tag="003">Gr-AtHEAL</controlfield>
  <controlfield tag="005">20160505122044.0</controlfield>
  <controlfield tag="006">m        d        </controlfield>
  <controlfield tag="008">160413s2015    gr      s           gre|c</controlfield>
  <datafield tag="020" ind1=" " ind2=" ">
   <subfield code="a">9789606032554</subfield>
  </datafield>
  <datafield tag="040" ind1=" " ind2=" ">
   <subfield code="a">GR-AtHEAL</subfield>
   <subfield code="b">gre</subfield>
   <subfield code="c">GR-AtHEAL</subfield>
  </datafield>
  <datafield tag="082" ind1="0" ind2="4">
   <subfield code="a">006.8</subfield>
   <subfield code="2">23</subfield>
  </datafield>
  <datafield tag="100" ind1="1" ind2=" ">
   <subfield code="a">Μουστάκας, Κωνσταντίνος.</subfield>
   <subfield code="8">2290</subfield>
  </datafield>
  <datafield tag="245" ind1="1" ind2="0">
   <subfield code="a">Γραφικά και εικονική πραγματικότητα</subfield>
   <subfield code="h">[Ηλεκτρονικός πόρος] </subfield>
   <subfield code="b">Θεωρία και εφαρμογές</subfield>
   <subfield code="c">Μουστάκας, Κωνσταντίνος ; Παλιόκας, Ιωάννης ; Τσακίρης, Αθανάσιος ; Τζοβάρας, Δημήτριος ; Κριτικός αναγνώστης,Νικολαΐδης, Νικόλαος ; Τεχνική επιμέλεια,Τσακίρης, Αθανάσιος ; Τεχνική επιμέλεια,Πετρή, Ιωάννα ; Γλωσσική επιμέλεια, Σέγκουλη, Σοφία.</subfield>
  </datafield>
  <datafield tag="260" ind1=" " ind2=" ">
   <subfield code="a">Αθήνα :</subfield>
   <subfield code="b">Σύνδεσμος Ελληνικών Ακαδημαϊκών Βιβλιοθηκών,</subfield>
   <subfield code="c">c2015.</subfield>
  </datafield>
  <datafield tag="490" ind1=" " ind2=" ">
   <subfield code="a">Ακαδημαϊκά Ηλεκτρονικά Συγγράμματα και Βοηθήματα Κάλλιπος</subfield>
   <subfield code="8">40</subfield>
  </datafield>
  <datafield tag="520" ind1=" " ind2=" ">
   <subfield code="a">Το βιβλίο αυτό απευθύνεται σε προπτυχιακούς, μεταπτυχιακούς φοιτητές, αλλά και σε επιστήμονες και επαγγελματίες που ενδιαφέρονται να κατανοήσουν σε βάθος τις θεωρητικές έννοιες της περιοχής των γραφικών. Λόγω της αλληλεπιδραστικής φύσης του, μπορεί να χρησιμοποιηθεί τόσο από μη εξοικειωμένους αναγνώστες αλλά και από επιστήμονες της περιοχής. Οι ενδιαφερόμενοι μπορούν μέσω του βιβλίου να αποκτήσουν ισχυρό θεωρητικό υπόβαθρο, απαραίτητο για την κατανόηση εννοιών που σχετίζονται με:- 3Δ απεικόνιση- Μετασχηματισμοί στις 2 και 3 διαστάσεις- 3Δ αναπαράσταση αντικειμένων- Αποκοπή, περικοπή, χρώμα, υφή, φωτισμός- Κίνηση, προσομοίωση βάσει φυσικής- Εικονική πραγματικότηταΤι βιβλίο έχει σχεδιαστεί έτσι ώστε να προκαλεί σταδιακά το ενδιαφέρον του αναγνώστη-εκπαιδευόμενου, παρουσιάζοντας αρχικά θεμελιώδεις έννοιες, απαραίτητες για την κατανόηση πιο περίπλοκων διεργασιών. Στη συνέχεια αναλύονται πιο περίπλοκα αλλά και ελκυστικά προβλήματα και διεργασίες. Έτσι μπορεί να χωριστεί σε τρία μέρη:Μέρος 1:- Κεφάλαια 2,3,4,5,6- Θεμελιώδεις έννοιες γραφικώνΜέρος 2:- Κεφάλαια 7,8- Προχωρημένα προβλήματα γραφικώνΜέρος 3:- Κεφάλαια 9,10- Τεχνολογίες αιχμής στην περιοχή των γραφικών και της εικονικής πραγματικότητας- Στα κεφάλαια αυτά θα προστεθεί και υλικό από την τρέχουσα ερευνητική δραστηριότητα των συγγραφέωνΟι συγγραφείς στοχεύουν μεσοπρόθεσμα και μετά το τέλος της παρούσας δράσης ενίσχυσης να εμπλουτίζουν σταδιακά με νέα κεφάλαια το Μέρος 2 και Μέρος 3 του βιβλίου, ενώ για το Μέρος 1 προβλέπεται εμπλουτισμός των ήδη υπαρχόντων κεφαλαίων.</subfield>
  </datafield>
  <datafield tag="650" ind1=" " ind2="0">
   <subfield code="a">Virtual reality</subfield>
   <subfield code="8">2450</subfield>
  </datafield>
  <datafield tag="653" ind1=" " ind2=" ">
   <subfield code="a">Προσομοίωση</subfield>
  </datafield>
  <datafield tag="653" ind1=" " ind2=" ">
   <subfield code="a">Εικονική πραγματικότητα</subfield>
  </datafield>
  <datafield tag="653" ind1=" " ind2=" ">
   <subfield code="a">Γραφικά</subfield>
  </datafield>
  <datafield tag="653" ind1=" " ind2=" ">
   <subfield code="a">Επιστήμη υπολογιστών / Πληροφορική</subfield>
   <subfield code="a">Διαχείριση πληροφορίας</subfield>
   <subfield code="a">Συστήματα πολυμέσων</subfield>
  </datafield>
  <datafield tag="653" ind1=" " ind2=" ">
   <subfield code="a">Επιστήμη υπολογιστών / Πληροφορική</subfield>
   <subfield code="a">Γραφικά και οπτικοποίηση</subfield>
  </datafield>
  <datafield tag="700" ind1="1" ind2=" ">
   <subfield code="a">Παλιόκας, Ιωάννης</subfield>
   <subfield code="e">Συγγραφέας</subfield>
   <subfield code="8">2291</subfield>
  </datafield>
  <datafield tag="700" ind1="1" ind2=" ">
   <subfield code="a">Τσακίρης, Αθανάσιος</subfield>
   <subfield code="e">Συγγραφέας</subfield>
   <subfield code="8">2292</subfield>
  </datafield>
  <datafield tag="700" ind1="1" ind2=" ">
   <subfield code="a">Τζοβάρας, Δημήτριος</subfield>
   <subfield code="e">Συγγραφέας</subfield>
   <subfield code="8">2293</subfield>
  </datafield>
  <datafield tag="700" ind1="1" ind2=" ">
   <subfield code="a">Νικολαΐδης, Νικόλαος</subfield>
   <subfield code="e">Κριτικός αναγνώστης</subfield>
   <subfield code="8">2294</subfield>
  </datafield>
  <datafield tag="856" ind1="4" ind2="0">
   <subfield code="u">http://hdl.handle.net/11419/4491</subfield>
   <subfield code="z">Πλήρες Κείμενο - Full text</subfield>
  </datafield>
  <datafield tag="907" ind1=" " ind2=" ">
   <subfield code="a">.b25678668</subfield>
   <subfield code="b">12-06-18</subfield>
   <subfield code="c">29-07-16</subfield>
  </datafield>
  <datafield tag="949" ind1=" " ind2=" ">
   <subfield code="0">0</subfield>
   <subfield code="1">0</subfield>
   <subfield code="2">ddc</subfield>
   <subfield code="4">0</subfield>
   <subfield code="6">006_800000000000000_ΜΟΥ</subfield>
   <subfield code="7">0</subfield>
   <subfield code="8">KALL</subfield>
   <subfield code="8">625</subfield>
   <subfield code="d">2016-04-13</subfield>
   <subfield code="r">2016-04-13</subfield>
   <subfield code="w">2016-04-13</subfield>
   <subfield code="z">006.8 ΜΟΥ</subfield>
   <subfield code="o">SEAB KALLIPOS</subfield>
  </datafield>
  <datafield tag="998" ind1=" " ind2=" ">
   <subfield code="a">80</subfield>
   <subfield code="a">01</subfield>
   <subfield code="a">02</subfield>
   <subfield code="a">03</subfield>
   <subfield code="a">04</subfield>
   <subfield code="a">05</subfield>
   <subfield code="a">06</subfield>
   <subfield code="a">07</subfield>
   <subfield code="a">08</subfield>
   <subfield code="a">09</subfield>
   <subfield code="a">10</subfield>
   <subfield code="a">11</subfield>
   <subfield code="a">12</subfield>
   <subfield code="a">13</subfield>
   <subfield code="a">14</subfield>
   <subfield code="a">15</subfield>
   <subfield code="a">16</subfield>
   <subfield code="a">17</subfield>
   <subfield code="a">18</subfield>
   <subfield code="a">19</subfield>
   <subfield code="a">20</subfield>
   <subfield code="a">21</subfield>
   <subfield code="a">22</subfield>
   <subfield code="a">23</subfield>
   <subfield code="a">24</subfield>
   <subfield code="a">25</subfield>
   <subfield code="a">26</subfield>
   <subfield code="b">10-05-17</subfield>
   <subfield code="c">m</subfield>
   <subfield code="d">z  </subfield>
   <subfield code="e">-</subfield>
   <subfield code="f">gre</subfield>
   <subfield code="g">gr </subfield>
   <subfield code="h">0</subfield>
  </datafield>
  <datafield tag="942" ind1=" " ind2=" ">
   <subfield code="2">ddc</subfield>
   <subfield code="c">KALLIPOS</subfield>
  </datafield>
 </record>
</collection>
